Fr. Conceicao Rodrigues College of Engineering

Integrated electronics:Analog and digital circuits and system (Record no. 21678)

MARC details
000 -LEADER
fixed length control field 00339nam a2200133Ia 4500
082 ## - DEWEY DECIMAL CLASSIFICATION NUMBER
Classification number 621.38179
Item number MIL
100 ## - MAIN ENTRY--PERSONAL NAME
Personal name Millman/Jacob/ Halkias/C.C
245 ## - TITLE STATEMENT
Title Integrated electronics:Analog and digital circuits and system
260 ## - PUBLICATION, DISTRIBUTION, ETC.
Name of publisher, distributor, etc. McGraw Hill
Place of publication, distribution, etc. Tokyo
Date of publication, distribution, etc. 1971
300 ## - PHYSICAL DESCRIPTION
Extent 911
546 ## - LANGUAGE NOTE
Language note ENGLISH
654 ## - SUBJECT ADDED ENTRY--FACETED TOPICAL TERMS
Focus term integrated
942 ## - ADDED ENTRY ELEMENTS (KOHA)
Koha item type BOOK
Holdings
Withdrawn status Lost status Damaged status Not for loan Collection Home library Current library Date acquired Source of acquisition Cost, normal purchase price Inventory number Total Checkouts Full call number Barcode Date last seen Cost, replacement price Price effective from Koha item type Shelving location
        CRC Fr. Agnel's C.Rodrigues College of Engineering Fr. Agnel's C.Rodrigues College of Engineering 17/03/2023 UBS 151.30 T 768/90   621.38179 MIL 2808 17/03/2023 151.30 17/03/2023 BOOK  
        CRC Fr. Agnel's C.Rodrigues College of Engineering Fr. Agnel's C.Rodrigues College of Engineering 17/03/2023 UBS 151.30 T 768/90   621.38179 MIL 2809 17/03/2023 151.30 17/03/2023 BOOK  
        CRC Fr. Agnel's C.Rodrigues College of Engineering Fr. Agnel's C.Rodrigues College of Engineering 17/03/2023 UBS 151.30 T 768/90   621.38179 MIL 2810 17/03/2023 151.30 17/03/2023 BOOK